[Event "Sant Cugat Vs Valls"]
[Site "Sant Cugat del Valles"]
[Date "2023.02.18"]
[Round "5.7"]
[White "Romero Calderon, Juan"]
[Black "Ryan, Joe"]
[Result "1/2-1/2"]
[TimeControl "90'+30\""]
[BlackTitle "FM"]
[WhiteFideId "2219450"]
[BlackFideId "2500426"]
[WhiteElo "2100"]
[BlackElo "2230"]

1. Nf3 {[%clk 01:30:50]} {[%emt 00:00:09]} d5 {[%clk 01:30:38]} {[%emt
00:00:22]} 2. d4 {[%clk 01:31:08]} {[%emt 00:00:13]} Nf6 {[%clk 01:30:52]}
{[%emt 00:00:14]} 3. e3 {[%clk 01:30:56]} {[%emt 00:00:44]} g6 {[%clk
01:27:31]} {[%emt 00:03:51]} 4. c4 {[%clk 01:30:14]} {[%emt 00:01:12]} c6
{[%clk 01:27:22]} {[%emt 00:00:39]} 5. Nc3 {[%clk 01:28:00]} {[%emt 00:02:44]}
Bg7 {[%clk 01:27:39]} {[%emt 00:00:12]} 6. cxd5 {[%clk 01:25:52]} {[%emt
00:02:39]} cxd5 {[%clk 01:26:44]} {[%emt 00:01:25]} 7. Bb5+ {[%clk 01:23:19]}
{[%emt 00:03:03]} Bd7 {[%clk 01:20:49]} {[%emt 00:06:24]} 8. Bxd7+ {[%clk
01:21:43]} {[%emt 00:02:07]} Nbxd7 {[%clk 01:14:23]} {[%emt 00:06:56]} 9. O-O
{[%clk 01:21:07]} {[%emt 00:01:06]} O-O {[%clk 01:13:51]} {[%emt 00:00:59]} 10.
b3 {[%clk 01:19:37]} {[%emt 00:02:02]} Qa5 {[%clk 01:09:27]} {[%emt 00:04:53]}
11. Bb2 {[%clk 01:11:30]} {[%emt 00:08:39]} Rfc8 {[%clk 01:06:21]} {[%emt
00:03:33]} 12. Qd3 {[%clk 01:08:56]} {[%emt 00:03:06]} e6 {[%clk 01:04:14]}
{[%emt 00:02:36]} 13. Rfc1 {[%clk 01:05:08]} {[%emt 00:04:19]} a6 {[%clk
01:03:29]} {[%emt 00:01:14]} 14. a3 {[%clk 01:00:03]} {[%emt 00:05:36]} Qd8
{[%clk 01:00:13]} {[%emt 00:03:44]} 15. Ne2 {[%clk 00:53:57]} {[%emt 00:06:40]}
Ne4 {[%clk 00:56:40]} {[%emt 00:04:01]} 16. Nd2 {[%clk 00:52:42]} {[%emt
00:01:45]} Nxd2 {[%clk 00:53:33]} {[%emt 00:03:38]} 17. Qxd2 {[%clk 00:52:57]}
{[%emt 00:00:16]} Rc6 {[%clk 00:49:38]} {[%emt 00:04:23]} 18. Rxc6 {[%clk
00:49:19]} {[%emt 00:04:10]} bxc6 {[%clk 00:48:04]} {[%emt 00:02:03]} 19. Rc1
{[%clk 00:49:25]} {[%emt 00:00:24]} Qb6 {[%clk 00:46:21]} {[%emt 00:02:10]} 20.
Qc2 {[%clk 00:46:58]} {[%emt 00:03:00]} Rc8 {[%clk 00:43:29]} {[%emt 00:03:20]}
21. Nc3 {[%clk 00:44:35]} {[%emt 00:02:54]} Rb8 {[%clk 00:36:34]} {[%emt
00:07:25]} 22. b4 {[%clk 00:37:58]} {[%emt 00:07:09]} Qb7 {[%clk 00:32:45]}
{[%emt 00:04:18]} 23. Na4 {[%clk 00:31:22]} {[%emt 00:07:07]} Rc8 {[%clk
00:30:05]} {[%emt 00:03:09]} 24. Bc3 {[%clk 00:10:31]} {[%emt 00:21:22]} h5
{[%clk 00:28:38]} {[%emt 00:01:57]} 25. g3 {[%clk 00:09:40]} {[%emt 00:01:22]}
Bf6 {[%clk 00:28:44]} {[%emt 00:00:22]} 26. Be1 {[%clk 00:08:49]} {[%emt
00:01:22]} Be7 {[%clk 00:28:00]} {[%emt 00:01:12]} 27. Nc5 {[%clk 00:08:01]}
{[%emt 00:01:19]} Nxc5 {[%clk 00:27:34]} {[%emt 00:00:56]} 28. bxc5 {[%clk
00:08:13]} {[%emt 00:00:19]} Rb8 {[%clk 00:27:35]} {[%emt 00:00:28]} 29. Ba5
{[%clk 00:06:00]} {[%emt 00:02:43]} Qb3 {[%clk 00:25:27]} {[%emt 00:02:37]} 30.
Bb6 {[%clk 00:05:41]} {[%emt 00:00:51]} Qxc2 {[%clk 00:21:08]} {[%emt
00:04:48]} 31. Rxc2 {[%clk 00:06:10]} Kf8 {[%clk 00:21:04]} {[%emt 00:00:33]}
32. Kg2 {[%clk 00:04:29]} {[%emt 00:02:14]} Ke8 {[%clk 00:20:40]} {[%emt
00:00:51]} 33. a4 {[%clk 00:04:50]} {[%emt 00:00:11]} Kd7 {[%clk 00:20:39]}
{[%emt 00:00:30]} 34. f4 {[%clk 00:04:39]} {[%emt 00:00:42]} f6 {[%clk
00:19:27]} {[%emt 00:01:42]} 35. Kf3 {[%clk 00:04:12]} {[%emt 00:00:58]} e5
{[%clk 00:18:52]} {[%emt 00:01:05]} 36. h3 {[%clk 00:03:05]} {[%emt 00:01:37]}
exd4 {[%clk 00:19:01]} {[%emt 00:00:20]} 37. exd4 {[%clk 00:03:32]} {[%emt
00:00:03]} f5 {[%clk 00:19:18]} {[%emt 00:00:13]} 38. Ke3 {[%clk 00:03:10]}
{[%emt 00:00:52]} Bf6 {[%clk 00:19:38]} {[%emt 00:00:09]} 39. Kd3 {[%clk
00:03:29]} {[%emt 00:00:11]} Re8 {[%clk 00:19:52]} {[%emt 00:00:15]} 40. Ba5
{[%clk 00:03:52]} {[%emt 00:00:08]} Rb8 {[%clk 00:15:30]} {[%emt 00:04:52]} 41.
Bb6 {[%clk 00:04:01]} {[%emt 00:00:21]} h4 {[%clk 00:13:10]} {[%emt 00:02:50]}
42. Rg2 {[%clk 00:02:28]} {[%emt 00:02:03]} Ke6 {[%clk 00:12:07]} {[%emt
00:01:32]} 43. g4 {[%clk 00:01:31]} {[%emt 00:01:28]} Kf7 {[%clk 00:11:51]}
{[%emt 00:00:45]} 44. gxf5 {[%clk 00:01:08]} {[%emt 00:00:54]} gxf5 {[%clk
00:12:13]} {[%emt 00:00:08]} 45. Re2 {[%clk 00:01:10]} {[%emt 00:00:28]} Rg8
{[%clk 00:12:15]} {[%emt 00:00:28]} 46. Bc7 {[%clk 00:01:29]} {[%emt 00:00:11]}
Rg1 {[%clk 00:12:06]} {[%emt 00:00:38]} 47. Be5 {[%clk 00:01:04]} {[%emt
00:00:55]} Ra1 {[%clk 00:11:40]} {[%emt 00:00:55]} 48. Rb2 {[%clk 00:00:47]}
{[%emt 00:00:49]} Ra3+ {[%clk 00:11:23]} {[%emt 00:00:46]} 49. Ke2 {[%clk
00:01:14]} {[%emt 00:00:03]} Bxe5 {[%clk 00:11:29]} {[%emt 00:00:23]} 50. fxe5
{[%clk 00:01:37]} {[%emt 00:00:08]} Rxa4 {[%clk 00:11:47]} {[%emt 00:00:12]} 51.
Ke3 {[%clk 00:01:30]} {[%emt 00:00:37]} Ke6 {[%clk 00:11:37]} {[%emt 00:00:39]}
52. Rb6 {[%clk 00:01:26]} {[%emt 00:00:34]} f4+ {[%clk 00:11:52]} {[%emt
00:00:14]} 53. Kd3 {[%clk 00:01:21]} {[%emt 00:00:36]} Ra3+ {[%clk 00:12:07]}
{[%emt 00:00:14]} 54. Ke2 {[%clk 00:01:35]} {[%emt 00:00:17]} Kf5 {[%clk
00:12:14]} {[%emt 00:00:23]} 55. Rxc6 {[%clk 00:01:06]} {[%emt 00:00:59]} Ke4
{[%clk 00:12:32]} {[%emt 00:00:11]} 56. Rf6 {[%clk 00:00:42]} {[%emt 00:00:55]}
f3+ {[%clk 00:12:25]} {[%emt 00:00:37]} 57. Kf2 {[%clk 00:00:45]} {[%emt
00:00:27]} Ra2+ {[%clk 00:11:48]} {[%emt 00:01:06]} 58. Kg1 {[%clk 00:01:05]}
{[%emt 00:00:11]} Kxd4 {[%clk 00:11:47]} {[%emt 00:00:30]} 59. e6 {[%clk
00:00:39]} {[%emt 00:00:56]} Kxc5 {[%clk 00:11:13]} {[%emt 00:01:04]} 60. e7
{[%clk 00:00:38]} {[%emt 00:00:31]} Re2 {[%clk 00:11:32]} {[%emt 00:00:11]} 61.
Rxa6 {[%clk 00:00:58]} {[%emt 00:00:11]} Rxe7 {[%clk 00:11:37]} {[%emt
00:00:24]} 62. Kf2 {[%clk 00:01:21]} {[%emt 00:00:08]} Rf7 {[%clk 00:11:27]}
{[%emt 00:00:39]} 63. Ra5+ {[%clk 00:01:08]} {[%emt 00:00:43]} Kc4 {[%clk
00:11:33]} {[%emt 00:00:21]} 64. Ra4+ {[%clk 00:01:11]} {[%emt 00:00:29]} Kc3
{[%clk 00:11:56]} {[%emt 00:00:06]} 65. Rxh4 {[%clk 00:01:17]} {[%emt
00:00:25]} d4 {[%clk 00:12:17]} {[%emt 00:00:08]} 66. Rh8 {[%clk 00:01:26]}
{[%emt 00:00:22]} d3 {[%clk 00:10:44]} {[%emt 00:02:03]} 67. Rc8+ {[%clk
00:01:18]} {[%emt 00:00:39]} Kd2 {[%clk 00:11:03]} {[%emt 00:00:10]} 68. Rc4
{[%clk 00:00:59]} {[%emt 00:00:50]} Kd1 {[%clk 00:10:36]} {[%emt 00:00:56]} 69.
h4 {[%clk 00:01:02]} {[%emt 00:00:27]} d2 {[%clk 00:10:51]} {[%emt 00:00:15]}
70. Rc5 {[%clk 00:01:00]} {[%emt 00:00:33]} Rf4 {[%clk 00:09:44]} {[%emt
00:01:36]} 71. h5 {[%clk 00:00:39]} {[%emt 00:00:53]} Rh4 {[%clk 00:10:08]}
{[%emt 00:00:03]} 72. Kxf3 {[%clk 00:00:35]} {[%emt 00:00:36]} Ke1 {[%clk
00:08:56]} {[%emt 00:01:40]} 73. Re5+ {[%clk 00:01:04]} {[%emt 00:00:03]} Kf1
{[%clk 00:09:00]} {[%emt 00:00:25]} 74. Rd5 {[%clk 00:01:33]} {[%emt 00:00:03]}
Rh3+ {[%clk 00:07:42]} {[%emt 00:01:47]} 75. Kg4 {[%clk 00:01:27]} {[%emt
00:00:37]} Rh2 {[%clk 00:08:01]} {[%emt 00:00:09]} 76. Kg5 {[%clk 00:00:47]}
{[%emt 00:01:11]} Ke1 {[%clk 00:07:56]} {[%emt 00:00:36]} 77. h6 {[%clk
00:00:57]} {[%emt 00:00:19]} d1=Q {[%clk 00:07:51]} {[%emt 00:00:35]} 78. Rxd1+
{[%clk 00:01:23]} {[%emt 00:00:04]} Kxd1 {[%clk 00:08:13]} {[%emt 00:00:08]} 79.
Kg6 {[%clk 00:01:51]} {[%emt 00:00:02]} Rxh6+ {[%clk 00:08:14]} {[%emt
00:00:29]} 80. Kxh6 {[%clk 00:02:19]} {[%emt 00:00:03]} 1/2-1/2

[Event "Sant Cugat Vs Valls"]
[Site "Sant Cugat del Valles"]
[Date "2023.02.18"]
[Round "5.8"]
[White "Ano Pla, Gerard"]
[Black "Macaya Ruiz, Alfons"]
[Result "1-0"]
[TimeControl "90'+30\""]
[WhiteFideId "24560561"]
[BlackFideId "2297000"]
[WhiteElo "2143"]
[BlackElo "2068"]

1. d4 {[%emt 00:00:13]} Nf6 {[%clk 01:30:44]} {[%emt 00:00:04]} 2. Bg5 {[%emt
00:01:04]} c5 {[%emt 00:00:34]} 3. Bxf6 {[%emt 00:00:27]} gxf6 {[%emt
00:01:23]} 4. d5 {[%emt 00:01:11]} Qb6 {[%emt 00:09:12]} 5. Qc1 {[%emt
00:14:21]} Bh6 {[%emt 00:00:16]} 6. e3 {[%emt 00:00:28]} d6 {[%emt 00:15:56]} 7.
Nd2 {[%emt 00:01:29]} Nd7 {[%emt 00:05:59]} 8. f4 {[%emt 00:02:31]} f5 {[%emt
00:01:10]} 9. Bd3 {[%clk 01:00:29]} {[%emt 00:00:52]} Nf6 10. c4 {[%clk
00:59:38]} {[%emt 00:15:06]} Ng4 11. Ke2 {[%clk 00:58:19]} {[%emt 00:02:55]}
Bg7 12. Rb1 {[%emt 00:04:59]} Bd7 {[%emt 00:04:14]} 13. Qc2 {[%clk 00:54:07]}
{[%emt 00:00:37]} e6 14. Ngf3 {[%emt 00:08:43]} Nf6 {[%emt 00:02:17]} 15. a3
{[%emt 00:02:52]} a5 {[%emt 00:03:45]} 16. h3 {[%emt 00:11:02]} Ra6 {[%clk
00:33:10]} {[%emt 00:03:11]} 17. g4 {[%emt 00:05:11]} fxg4 {[%clk 00:30:44]}
{[%emt 00:00:21]} 18. hxg4 {[%emt 00:05:44]} exd5 {[%emt 00:01:07]} 19. g5
{[%emt 00:04:34]} Ne4 {[%emt 00:02:40]} 20. Nxe4 {[%clk 00:42:09]} {[%emt
00:00:16]} dxe4 {[%emt 00:00:11]} 21. Bxe4 {[%emt 00:01:58]} Qd8 {[%emt
00:10:47]} 22. Bxb7 {[%emt 00:00:18]} Rb6 {[%emt 00:00:35]} 23. Rxh7 {[%emt
00:03:54]} Rxh7 {[%emt 00:00:40]} 24. Qxh7 {[%emt 00:03:24]} Rxb2+ {[%emt
00:01:16]} 25. Rxb2 {[%clk 00:31:29]} {[%emt 00:00:10]} Bxb2 {[%clk 04:04:05]}
{[%emt 00:06:17]} 26. Bd5 {[%emt 00:08:31]} Qe7 {[%emt 00:02:16]} 27. Qb1
{[%emt 00:02:26]} Bxa3 {[%emt 00:03:36]} 28. Qb8+ {[%emt 00:00:03]} Qd8 {[%clk
00:04:50]} {[%emt 00:00:08]} 29. Qxd6 {[%emt 00:02:56]} Qe7 {[%emt 00:02:17]}
30. Qb8+ {[%clk 00:19:49]} {[%emt 00:00:01]} Qd8 {[%emt 00:01:53]} 31. Qe5+
{[%emt 00:00:15]} Qe7 {[%emt 00:01:38]} 32. Bxf7+ {[%emt 00:01:09]} 1-0

[Event "Sant Cugat Vs Valls"]
[Site "Sant Cugat del Valles"]
[Date "2023.02.18"]
[Round "5.9"]
[White "Barcelo Tizon, Cristian"]
[Black "Mompel Ferruz, Xavier"]
[Result "0-1"]
[TimeControl "90'+30\""]
[WhiteFideId "2210878"]
[BlackFideId "54585775"]
[WhiteElo "2050"]
[BlackElo "2140"]

1. c4 {[%clk 01:30:54]} {[%emt 00:00:05]} c6 {[%clk 01:30:26]} {[%emt
00:00:34]} 2. g3 {[%clk 01:31:15]} {[%emt 00:00:10]} d5 {[%clk 01:29:56]}
{[%emt 00:00:59]} 3. Bg2 {[%clk 01:31:35]} {[%emt 00:00:11]} Nf6 {[%clk
01:28:27]} {[%emt 00:01:59]} 4. Qc2 {[%clk 01:30:29]} {[%emt 00:01:36]} e6
{[%clk 01:24:59]} {[%emt 00:03:57]} 5. Nf3 {[%clk 01:29:01]} {[%emt 00:01:59]}
Bd6 {[%clk 01:24:08]} {[%emt 00:01:20]} 6. d3 {[%clk 01:29:16]} {[%emt
00:00:16]} Nbd7 {[%clk 01:22:18]} {[%emt 00:02:20]} 7. O-O {[%clk 01:29:13]}
{[%emt 00:00:34]} O-O {[%clk 01:20:30]} {[%emt 00:02:18]} 8. e4 {[%clk
01:28:54]} {[%emt 00:00:48]} dxe4 {[%clk 01:16:02]} {[%emt 00:04:58]} 9. dxe4
{[%clk 01:28:22]} {[%emt 00:01:02]} Qc7 {[%clk 01:14:16]} {[%emt 00:02:16]} 10.
Nc3 {[%clk 01:25:19]} {[%emt 00:03:33]} b6 {[%clk 01:11:47]} {[%emt 00:03:00]}
11. Rd1 {[%clk 01:23:16]} {[%emt 00:02:33]} Bb7 {[%clk 01:10:29]} {[%emt
00:01:47]} 12. Bg5 {[%clk 01:19:00]} {[%emt 00:04:47]} Bc5 {[%clk 01:04:39]}
{[%emt 00:06:20]} 13. a3 {[%clk 01:05:32]} {[%emt 00:13:59]} Ng4 {[%clk
00:57:40]} {[%emt 00:07:28]} 14. Rf1 {[%clk 00:51:53]} {[%emt 00:14:08]} h6
{[%clk 00:56:08]} {[%emt 00:02:02]} 15. Bf4 {[%clk 00:46:46]} {[%emt 00:05:38]}
e5 {[%clk 00:53:50]} {[%emt 00:02:48]} 16. Bd2 {[%clk 00:43:54]} {[%emt
00:03:22]} Rfe8 {[%clk 00:49:00]} {[%emt 00:05:19]} 17. h3 {[%clk 00:41:39]}
{[%emt 00:02:47]} Ngf6 {[%clk 00:49:16]} {[%emt 00:00:13]} 18. Ne2 {[%clk
00:40:17]} {[%emt 00:01:53]} Bf8 {[%clk 00:44:51]} {[%emt 00:04:53]} 19. Rfd1
{[%clk 00:31:07]} {[%emt 00:09:41]} Nc5 {[%clk 00:41:34]} {[%emt 00:03:46]} 20.
Nh4 {[%clk 00:26:36]} {[%emt 00:05:02]} Rad8 {[%clk 00:39:44]} {[%emt
00:02:19]} 21. Be3 {[%clk 00:23:21]} {[%emt 00:03:45]} Rxd1+ {[%clk 00:34:15]}
{[%emt 00:05:59]} 22. Rxd1 {[%clk 00:23:39]} {[%emt 00:00:12]} Rd8 {[%clk
00:33:57]} {[%emt 00:00:47]} 23. Bxc5 {[%clk 00:21:01]} {[%emt 00:03:09]} Bxc5
{[%clk 00:33:05]} {[%emt 00:01:22]} 24. Nf5 {[%clk 00:19:56]} {[%emt 00:01:35]}
a5 {[%clk 00:26:10]} {[%emt 00:07:25]} 25. Bf3 {[%clk 00:10:57]} {[%emt
00:09:30]} Bc8 {[%clk 00:24:01]} {[%emt 00:02:38]} 26. g4 {[%clk 00:09:39]}
{[%emt 00:01:48]} Nh7 {[%clk 00:20:53]} {[%emt 00:03:38]} 27. Rd2 {[%clk
00:08:03]} {[%emt 00:02:07]} Ng5 {[%clk 00:18:45]} {[%emt 00:02:38]} 28. Bg2
{[%clk 00:08:32]} {[%emt 00:00:02]} Bxf5 {[%clk 00:18:41]} {[%emt 00:00:33]} 29.
exf5 {[%clk 00:08:18]} {[%emt 00:00:43]} Rxd2 {[%clk 00:17:31]} {[%emt
00:01:41]} 30. Qxd2 {[%clk 00:08:47]} {[%emt 00:00:01]} e4 {[%clk 00:16:05]}
{[%emt 00:01:55]} 31. b4 {[%clk 00:08:49]} {[%emt 00:00:28]} axb4 {[%clk
00:16:23]} {[%emt 00:00:12]} 32. axb4 {[%clk 00:09:14]} {[%emt 00:00:05]} Bd6
{[%clk 00:16:35]} {[%emt 00:00:17]} 33. Qc3 {[%clk 00:07:31]} {[%emt 00:02:14]}
Qe7 {[%clk 00:14:34]} {[%emt 00:02:31]} 34. b5 {[%clk 00:06:07]} {[%emt
00:01:55]} cxb5 {[%clk 00:13:07]} {[%emt 00:01:57]} 35. cxb5 {[%clk 00:06:36]}
{[%emt 00:00:01]} Bc5 {[%clk 00:13:19]} {[%emt 00:00:17]} 36. Qc4 {[%clk
00:04:13]} {[%emt 00:02:54]} Nf3+ {[%clk 00:13:07]} {[%emt 00:00:42]} 37. Bxf3
{[%clk 00:02:11]} {[%emt 00:02:32]} exf3 {[%clk 00:13:32]} {[%emt 00:00:05]} 38.
Ng3 {[%clk 00:02:41]} Qe1+ {[%clk 00:13:41]} {[%emt 00:00:21]} 39. Qf1 {[%clk
00:03:00]} {[%emt 00:00:11]} Bxf2+ {[%emt 00:00:13]} 0-1

[Event "Sant Cugat Vs Valls"]
[Site "Sant Cugat del Valles"]
[Date "2023.02.18"]
[Round "5.10"]
[White "Lerch i Gallemi, Jose Ma."]
[Black "Garcia Jimenez, Francisco Javier"]
[Result "1/2-1/2"]
[TimeControl "90'+30\""]
[BlackTitle "FM"]
[WhiteFideId "2209829"]
[BlackFideId "2231590"]
[WhiteElo "2161"]
[BlackElo "2244"]

1. e4 d5 2. d3 dxe4 3. dxe4 Qxd1+ 4. Kxd1 Nf6 5. f3 Nbd7 6. c3 b6 7. Be3 Bb7 8.
Nd2 e6 9. Kc2 Bc5 10. Bxc5 Nxc5 11. Ne2 O-O-O 12. Nd4 g5 13. Bb5 a6 14. Bc6 h5
15. Nc4 Ncd7 16. Rhe1 1/2-1/2